[Event "IND-ch U25"]
[Site "Kankarbagh"]
[Date "2015.10.14"]
[Round "3"]
[White "Rahul, Lamba"]
[Black "Pratik, Sunil Shaha"]
[Result "1-0"]
[WhiteElo "1865"]
[BlackElo "1268"]
[PlyCount "60"]
[EventDate "2015.10.13"]
[EventType "swiss"]
[EventRounds "9"]
[EventCountry "IND"]
[SourceTitle "CBM 168 Extra"]
[Source "ChessBase"]
[SourceDate "2015.10.29"]
[SourceVersion "1"]
[SourceVersionDate "2015.10.29"]
[SourceQuality "1"]

1. e4 e5 2. f4 d6 3. Nf3 Bg4 4. Bc4 Nf6 5. fxe5 Bxf3 6. Qxf3 dxe5 7. Qb3 Qc8 8. Bxf7+ Ke7 9. Nc3 Nc6 10. Ne2 Na5 11. Qc3 Kxf7 12. Qxa5 c5 13. Ng3 Be7 14. 0-0 Rf8 15. Nf5 Qd7 16. Qc3 Kg8 17. Qxe5 Bd8 18. d3 Bc7 19. Qe7 Qxe7 20. Nxe7+ Kh8 21. Bg5 Ng4 22. g3 Ne5 23. Kg2 Bd6 24. Nf5 Bc7 25. Be7 Rf7 26. Bxc5 Ng4 27. Ne3 Rxf1 28. Rxf1 Nxe3+ 29. Bxe3 Kg8 30. d4 Bb6 1-0